[Event "Mendoza ITT"]
[Site "Mendoza"]
[Date "2020.01.30"]
[Round "8"]
[White "Jimenez, Jose Mauricio"]
[Black "Wisniacki, Flavio"]
[Result "1-0"]
[WhiteElo "2229"]
[BlackElo "2140"]
[PlyCount "77"]
[EventDate "2020.01.26"]
[EventType "tourn"]
[EventRounds "9"]
[EventCountry "ARG"]
[SourceTitle "CBM 195 Extra"]
[Source "ChessBase"]
[SourceDate "2020.05.31"]
[SourceVersion "1"]
[SourceVersionDate "2020.05.31"]
[SourceQuality "1"]

1. d4 d5 2. c4 c6 3. Nc3 Nf6 4. e3 e6 5. Nf3 Nbd7 6. Qc2 Bd6 7. Be2 0-0 8. 0-0 dxc4 9. Bxc4 e5 10. a3 Qe7 11. h3 a5 12. Rd1 Re8 13. Ng5 Rf8 14. d5 Nb6 15. dxc6 bxc6 16. Ba2 Bc7 17. e4 h6 18. Nf3 Nh5 19. Ne2 Qf6 20. Rd3 g5 21. Rc3 Bd7 22. Ng3 Nf4 23. Nh2 h5 24. Bxf4 gxf4 25. Nf5 Kh8 26. Rd1 Rfd8 27. Rxd7 Rxd7 28. Rxc6 Qd8 29. Nf3 Rc8 30. Rh6+ Kg8 31. N3h4 Rd6 32. Qe2 Qg5 33. Nxd6 Qxh6 34. Nxf7 Qf6 35. Nxe5+ Kf8 36. Neg6+ Kg7 37. Qxh5 Qxb2 38. Nf5+ Kf6 39. Qh4+ 1-0

[Event "Mendoza ITT"]
[Site "Mendoza"]
[Date "2020.01.29"]
[Round "6"]
[White "Jimenez, Jose Mauricio"]
[Black "Robledo, Cristian"]
[Result "0-1"]
[WhiteElo "2229"]
[BlackElo "2299"]
[PlyCount "108"]
[EventDate "2020.01.26"]
[EventType "tourn"]
[EventRounds "9"]
[EventCountry "ARG"]
[SourceTitle "CBM 195 Extra"]
[Source "ChessBase"]
[SourceDate "2020.05.31"]
[SourceVersion "1"]
[SourceVersionDate "2020.05.31"]
[SourceQuality "1"]

1. c4 e5 2. g3 Nc6 3. Bg2 g6 4. Nc3 Bg7 5. d3 d6 6. Rb1 f5 7. Bd2 Nf6 8. b4 0-0 9. Qc1 Ne7 10. Bh6 Bxh6 11. Qxh6 f4 12. Bh3 a5 13. b5 Nh5 14. Ne4 Nf5 15. Qg5 Qxg5 16. Nxg5 Nf6 17. Bg2 Rb8 18. Ne4 h6 19. Nxf6+ Rxf6 20. Nf3 g5 21. g4 Ne7 22. h3 Be6 23. Nd2 d5 24. cxd5 Bxd5 25. Bxd5+ Nxd5 26. Rc1 c6 27. Ne4 Rg6 28. Kd2 f3 29. exf3 cxb5 30. Rc5 Rd8 31. Rhc1 Rb6 32. Rc8 Rxc8 33. Rxc8+ Kf7 34. Ra8 a4 35. Nc5 Ke7 36. Ra7 Kd6 37. Nxb7+ Kc6 38. Nd8+ Kc5 39. a3 Rf6 40. Rh7 b4 41. axb4+ Kxb4 42. Rb7+ Rb6 43. Nc6+ Kb3 44. Na5+ Ka2 45. Rxb6 Nxb6 46. Nc4 Kb3 47. Nxe5 a3 48. Nc6 a2 49. Nd4+ Kb2 50. Nc2 Nd5 51. d4 Nb4 52. Na1 Kxa1 53. Kc1 Nd5 54. Kc2 Nf4 0-1

[Event "Mendoza ITT"]
[Site "Mendoza"]
[Date "2020.01.29"]
[Round "7"]
[White "Luconi, Cristian"]
[Black "Jimenez, Jose Mauricio"]
[Result "1-0"]
[WhiteElo "2266"]
[BlackElo "2229"]
[PlyCount "123"]
[EventDate "2020.01.26"]
[EventType "tourn"]
[EventRounds "9"]
[EventCountry "ARG"]
[SourceTitle "CBM 195 Extra"]
[Source "ChessBase"]
[SourceDate "2020.05.31"]
[SourceVersion "1"]
[SourceVersionDate "2020.05.31"]
[SourceQuality "1"]

1. d4 Nf6 2. Nf3 b6 3. Bf4 Bb7 4. Nbd2 h6 5. h3 c5 6. e3 g5 7. Bg3 d6 8. Be2 Bg7 9. c3 Nbd7 10. Qc2 Rc8 11. 0-0 Rg8 12. Rfe1 Kf8 13. Qd1 Rc7 14. Bf1 Qa8 15. c4 g4 16. hxg4 Nxg4 17. d5 Bxb2 18. Rb1 Bh8 19. Ne4 Qd8 20. Bf4 Ndf6 21. Ng3 Nh7 22. e4 Bc8 23. Qd2 Ng5 24. Rb3 f6 25. Nh4 Qe8 26. Be2 h5 27. Qd1 Qf7 28. Ngf5 Qh7 29. Bxg4 hxg4 30. Bg3 Nxe4 31. Rxe4 Bxf5 32. Nxf5 Qxf5 33. Rbe3 Rg7 34. Qe2 Rd7 35. Qd1 Kf7 36. Rf4 Qg6 37. Rfe4 f5 38. Re6 Qg5 39. Qa4 f4 40. Bxf4 Qxf4 41. Qxd7 Kg8 42. Rxe7 Rxe7 43. Qxe7 Be5 44. Qe6+ Kg7 45. Qe7+ Kg8 46. g3 Qxc4 47. Qe6+ Kg7 48. Rxe5 dxe5 49. Qxe5+ Kf7 50. Qe6+ Kf8 51. Qf6+ Kg8 52. d6 Qc1+ 53. Kg2 Qd1 54. Qd8+ Kg7 55. Qe7+ Kg6 56. Qe6+ Kg7 57. d7 Qf3+ 58. Kg1 Qd1+ 59. Kh2 Qf3 60. Qe7+ Kg6 61. Qd6+ Kg7 62. Qd2 1-0

[Event "Buenos Aires Argentino CC 114th"]
[Site "Buenos Aires"]
[Date "2020.01.14"]
[Round "4"]
[White "Manzone, Alessandro Jr"]
[Black "Jimenez, Jose Mauricio"]
[Result "1-0"]
[WhiteElo "2386"]
[BlackElo "2229"]
[PlyCount "78"]
[EventDate "2020.01.13"]
[EventType "tourn"]
[EventRounds "9"]
[EventCountry "ARG"]
[SourceTitle "CBM 194 Extra"]
[Source "ChessBase"]
[SourceDate "2020.03.31"]
[SourceVersion "1"]
[SourceVersionDate "2020.03.31"]
[SourceQuality "1"]

1. d4 d5 2. c4 c6 3. Nf3 Nf6 4. e3 Bf5 5. Nc3 e6 6. Nh4 Bg4 7. Qb3 Qc7 8. h3 Bh5 9. Bd2 Be7 10. g4 Bg6 11. Nxg6 hxg6 12. g5 dxc4 13. Bxc4 Nd5 14. e4 Nxc3 15. Qxc3 Rh4 16. Bd3 Nd7 17. 0-0-0 0-0-0 18. Kb1 Bd6 19. Rc1 Nb6 20. Be3 Kb8 21. Qb3 Bf4 22. a4 Nc8 23. Rc5 Bd6 24. Rc4 Bf4 25. Rc3 Qb6 26. Qc2 Qa5 27. Rc5 Qb4 28. Rc4 Qe7 29. Rc5 Bc7 30. Rc4 a6 31. Qb3 Ka8 32. e5 Bb8 33. d5 Rxc4 34. d6 Qd7 35. Bxc4 Ba7 36. h4 Rh8 37. h5 Bxe3 38. fxe3 Qd8 39. Rd1 Rxh5 1-0

[Event "COL-chT 21st"]
[Site "Cartagena"]
[Date "2019.11.30"]
[Round "9.3"]
[White "Escobar Medina, Andres F"]
[Black "Jimenez, Jose Mauricio"]
[Result "0-1"]
[WhiteElo "2269"]
[BlackElo "2159"]
[PlyCount "134"]
[EventDate "2019.11.30"]
[EventType "team-swiss"]
[EventRounds "9"]
[EventCountry "COL"]
[SourceTitle "CBM 195 Extra"]
[Source "ChessBase"]
[SourceDate "2020.05.31"]
[SourceVersion "1"]
[SourceVersionDate "2020.05.31"]
[SourceQuality "1"]
[WhiteTeam "Antioquia"]
[BlackTeam "Caldas"]
[WhiteTeamCountry "COL"]
[BlackTeamCountry "COL"]

1. e4 d6 2. d4 g6 3. Nc3 Bg7 4. f4 a6 5. Nf3 b5 6. Bd3 Bb7 7. e5 c5 8. Ng5 cxd4 9. e6 f5 10. Ne2 Nh6 11. 0-0 0-0 12. a4 b4 13. b3 Ng4 14. h3 Ne3 15. Bxe3 dxe3 16. Rb1 Qb6 17. Qe1 d5 18. Qh4 h6 19. Nf7 Rxf7 20. exf7+ Kxf7 21. g4 e6 22. gxf5 exf5 23. Kh2 Qf6 24. Qg3 Nd7 25. Qxe3 Qd6 26. Qg3 Nc5 27. Rbd1 Re8 28. Ng1 Bc3 29. Nf3 Qf6 30. a5 Ne4 31. Bxe4 fxe4 32. Ne5+ Kg7 33. Nd7 Qd6 34. Nb6 e3 35. Rfe1 e2 36. Rc1 d4 37. Nc4 Qd5 38. Rg1 Qe4 39. Nd6 e1Q 40. Nxe4 Qxe4 41. Rcf1 Qe2+ 42. Rf2 Qe4 43. f5 g5 44. f6+ Kg6 45. f7 Rf8 46. Qd6+ Kg7 47. Qf6+ Kh7 48. Qd6 d3 49. Qxd3 Be5+ 50. Rg3 Bxg3+ 51. Kxg3 Qxd3+ 52. cxd3 Kg7 53. Rf5 Rxf7 54. Rc5 Rd7 55. Kf2 Bd5 56. Ke3 Bxb3 57. Rc6 Ba2 58. Rxa6 b3 59. Rb6 Rd5 60. a6 Ra5 61. Rb7+ Kg6 62. a7 h5 63. d4 Rxa7 64. Rxa7 b2 65. Rb7 b1Q 66. Rxb1 Bxb1 67. d5 Bf5 0-1

[Event "COL-chT 21st"]
[Site "Cartagena"]
[Date "2019.11.30"]
[Round "2.3"]
[White "Martinez Paipa, Hernan"]
[Black "Jimenez, Jose Mauricio"]
[Result "0-1"]
[WhiteElo "1930"]
[BlackElo "2159"]
[PlyCount "60"]
[EventDate "2019.11.30"]
[EventType "team-swiss"]
[EventRounds "9"]
[EventCountry "COL"]
[SourceTitle "CBM 195 Extra"]
[Source "ChessBase"]
[SourceDate "2020.05.31"]
[SourceVersion "1"]
[SourceVersionDate "2020.05.31"]
[SourceQuality "1"]
[WhiteTeam "Norte de Santander"]
[BlackTeam "Caldas"]
[WhiteTeamCountry "COL"]
[BlackTeamCountry "COL"]

1. e4 c5 2. Nc3 Nc6 3. Bb5 Nd4 4. Nf3 g6 5. a4 Bg7 6. 0-0 e6 7. d3 Ne7 8. Nxd4 cxd4 9. Ne2 0-0 10. f4 d5 11. exd5 Nxd5 12. Bc4 b6 13. Ng3 Bb7 14. Qe2 Rc8 15. Ne4 Ne3 16. Bxe3 dxe3 17. c3 Rxc4 18. dxc4 Bxe4 19. Qxe3 Qa8 20. Rf2 Qc6 21. Rd2 Qxc4 22. a5 Bd5 23. axb6 axb6 24. Qxb6 Qxf4 25. Rf2 Qc4 26. Qe3 h5 27. Rd2 Kh7 28. Re1 Bh6 29. Qe2 Bxd2 30. Qxd2 Qc5+ 0-1

[Event "COL-chT 21st"]
[Site "Cartagena"]
[Date "2019.11.30"]
[Round "8.3"]
[White "Mateus, Alejandro"]
[Black "Jimenez, Jose Mauricio"]
[Result "0-1"]
[WhiteElo "2334"]
[BlackElo "2159"]
[PlyCount "158"]
[EventDate "2019.11.30"]
[EventType "team-swiss"]
[EventRounds "9"]
[EventCountry "COL"]
[SourceTitle "CBM 195 Extra"]
[Source "ChessBase"]
[SourceDate "2020.05.31"]
[SourceVersion "1"]
[SourceVersionDate "2020.05.31"]
[SourceQuality "1"]
[WhiteTeam "Valle"]
[BlackTeam "Caldas"]
[WhiteTeamCountry "COL"]
[BlackTeamCountry "COL"]

1. e4 d6 2. d4 Nf6 3. Nc3 c6 4. f4 Qa5 5. e5 Ne4 6. Qf3 d5 7. a3 Na6 8. Rb1 Bf5 9. b4 Qd8 10. Na4 e6 11. Bd3 b5 12. Ne2 h5 13. Nac3 Nxc3 14. Nxc3 Bxd3 15. Qxd3 Nc7 16. 0-0 g6 17. Bd2 Be7 18. Ne2 0-0 19. g3 Ne8 20. Kg2 Ng7 21. h3 Nf5 22. Be1 Kg7 23. g4 hxg4 24. hxg4 Nh6 25. Qg3 Rh8 26. Rh1 Qd7 27. Bd2 Rh7 28. Rh2 Rah8 29. Rbh1 Ng8 30. Rxh7+ Rxh7 31. Rxh7+ Kxh7 32. Ng1 Kg7 33. Nf3 a5 34. bxa5 Bxa3 35. Ne1 Be7 36. Nd3 Kf8 37. Qe1 Qa7 38. Nc5 Bxc5 39. dxc5 Ne7 40. Bb4 Kg7 41. Qh4 Ng8 42. Qd8 Nh6 43. Kf3 d4 44. Qxd4 Qe7 45. Qf2 Qd7 46. Qd2 Qe7 47. Kg3 Ng8 48. Qd6 Qb7 49. Qd8 Nh6 50. Qf6+ Kh7 51. Qd8 Kg7 52. Qd6 Ng8 53. Bc3 b4 54. Bd4 Qb5 55. f5 gxf5 56. gxf5 Nh6 57. f6+ Kg6 58. Qd8 Nf5+ 59. Kh2 Qe2+ 60. Kg1 Qd1+ 61. Kh2 Qe2+ 62. Kg1 Qe1+ 63. Kg2 Qe4+ 64. Kh2 Nxd4 65. Qg8+ Kf5 66. Qxf7 Qe2+ 67. Kg3 Qf3+ 68. Kh2 Qf2+ 69. Kh1 Qh4+ 70. Kg2 Qe4+ 71. Kg1 Qe3+ 72. Kh1 Qh3+ 73. Kg1 Qg3+ 74. Kh1 Qf3+ 75. Kg1 Qg3+ 76. Kh1 Qh3+ 77. Kg1 Qg3+ 78. Kf1 Qf3+ 79. Kg1 Ne2+ 0-1

[Event "COL-chT rapid"]
[Site "Cartagena"]
[Date "2019.11.29"]
[Round "7.3"]
[White "Jimenez, Jose Mauricio"]
[Black "Herrera, Juan Sebastian"]
[Result "0-1"]
[WhiteElo "2227"]
[BlackElo "2261"]
[PlyCount "94"]
[EventDate "2019.11.29"]
[EventType "team-swiss"]
[EventRounds "7"]
[EventCountry "COL"]
[SourceTitle "CBM 193 Extra"]
[Source "ChessBase"]
[SourceDate "2020.01.31"]
[SourceVersion "1"]
[SourceVersionDate "2020.01.31"]
[SourceQuality "1"]
[WhiteTeam "Caldas"]
[BlackTeam "Valle"]
[WhiteTeamCountry "COL"]
[BlackTeamCountry "COL"]

1. d4 g6 2. c4 Bg7 3. Nc3 d6 4. e4 e5 5. d5 a5 6. Nge2 Bh6 7. h4 Na6 8. f3 Nc5 9. Bxh6 Nxh6 10. Qd2 Ng8 11. 0-0-0 h5 12. g3 Nf6 13. Kb1 Nfd7 14. Bg2 Nb6 15. f4 Nxc4 16. Qc1 Bd7 17. fxe5 Nxe5 18. Nd4 Ra6 19. Rd2 Rb6 20. Qf1 Qe7 21. Bh3 Rb4 22. Bxd7+ Qxd7 23. Qf6 Rf8 24. Rf1 Qe7 25. Qg7 Nc4 26. Rdf2 Nd3 27. Ne6 Nxf2 28. Nxf8 Rxb2+ 29. Ka1 Qxf8 30. Qd4 Rb4 31. Rxf2 Qe7 32. Qh8+ Kd7 33. Qg7 Ne5 34. Rf6 c6 35. a4 Kc7 36. Ka2 Kb6 37. dxc6 bxc6 38. Qh8 Nd7 39. Rf3 Qe6+ 40. Ka1 Kc7 41. Qa8 Qe5 42. Qa7+ Rb7 43. Qe3 f6 44. Qd3 Nc5 45. Qc4 Nb3+ 46. Ka2 Nd2 47. Nd5+ Kb8 0-1

[Event "COL-chT"]
[Site "Cartagena"]
[Date "2019.11.24"]
[Round "2.3"]
[White "Becerra, Juan David"]
[Black "Jimenez, Jose Mauricio"]
[Result "1-0"]
[WhiteElo "2346"]
[BlackElo "2234"]
[PlyCount "155"]
[EventDate "2019.11.24"]
[EventType "team-swiss"]
[EventRounds "7"]
[EventCountry "COL"]
[SourceTitle "CBM 193 Extra"]
[Source "ChessBase"]
[SourceDate "2020.01.31"]
[SourceVersion "1"]
[SourceVersionDate "2020.01.31"]
[SourceQuality "1"]
[WhiteTeam "Bogota"]
[BlackTeam "Caldas"]
[WhiteTeamCountry "COL"]
[BlackTeamCountry "COL"]

1. e4 e5 2. f4 exf4 3. Nf3 Ne7 4. Bc4 Ng6 5. d4 Be7 6. 0-0 d6 7. h3 0-0 8. Nc3 Be6 9. Bd3 c6 10. Ne2 f5 11. c3 Qc8 12. Qc2 a5 13. Bd2 Na6 14. Rae1 Nc7 15. c4 Rf7 16. d5 Bd7 17. exf5 Ne5 18. dxc6 bxc6 19. Ned4 Nxd3 20. Qxd3 c5 21. Ne6 Nxe6 22. fxe6 Bxe6 23. Qe2 Bd7 24. Bxf4 Qf8 25. Bg5 Bf6 26. Bxf6 Rxf6 27. Qe4 Re8 28. Qb7 Be6 29. b3 h6 30. Rf2 a4 31. Rfe2 Rb8 32. Qc6 axb3 33. axb3 Bf7 34. Re7 Qc8 35. Qa4 Rxf3 36. gxf3 Qxh3 37. R1e3 Qg3+ 38. Kf1 Bh5 39. Qc6 Qh3+ 40. Ke1 Rf8 41. Qxd6 Qh1+ 42. Kd2 Bxf3 43. Re1 Qg2+ 44. Kc3 Bc6 45. R7e2 Rf3+ 46. Kc2 Be4+ 47. Kb2 Qh3 48. Qb8+ Rf8 49. Qe5 Bf5 50. Qxc5 Bg6 51. Qe3 Qh4 52. Qc3 Qg5 53. c5 Bf7 54. c6 Rc8 55. c7 h5 56. Rd2 Kh7 57. Red1 Qf4 58. Rd7 h4 59. Qd4 Qxd4+ 60. R1xd4 Kg6 61. Rg4+ Kf5 62. Rxh4 Ke6 63. Rhd4 g5 64. R4d6+ Ke5 65. Rc6 Be8 66. Rd8 Bxc6 67. Rxc8 Kd6 68. Rg8 Kxc7 69. Rxg5 Kb6 70. Kc3 Bb5 71. Kb4 Bc6 72. Rg6 Kb7 73. Kc5 Be4 74. Rg7+ Ka6 75. b4 Bd3 76. b5+ Bxb5 77. Rg6+ Ka5 78. Rg1 1-0

[Event "COL-chT"]
[Site "Cartagena"]
[Date "2019.11.24"]
[Round "1.3"]
[White "Jimenez, Jose Mauricio"]
[Black "Guayara Diaz, William Alonso"]
[Result "1-0"]
[WhiteElo "2234"]
[BlackElo "1916"]
[PlyCount "60"]
[EventDate "2019.11.24"]
[EventType "team-swiss"]
[EventRounds "7"]
[EventCountry "COL"]
[SourceTitle "CBM 193 Extra"]
[Source "ChessBase"]
[SourceDate "2020.01.31"]
[SourceVersion "1"]
[SourceVersionDate "2020.01.31"]
[SourceQuality "1"]
[WhiteTeam "Caldas"]
[BlackTeam "Narino"]
[WhiteTeamCountry "COL"]
[BlackTeamCountry "COL"]

1. d4 Nf6 2. c4 d6 3. Nc3 g6 4. e4 Bg7 5. f3 0-0 6. Be3 Nc6 7. Nge2 a6 8. Qd2 Rb8 9. Rc1 e5 10. d5 Ne7 11. g4 Kh8 12. Ng3 Nd7 13. h4 f5 14. exf5 gxf5 15. Bg5 fxg4 16. fxg4 Nf6 17. Bxf6 Bxf6 18. Be2 Ng6 19. g5 Be7 20. Bd3 Bg4 21. Bxg6 hxg6 22. Nce4 Rf4 23. Rc3 Kg7 24. Rf1 Rxf1+ 25. Kxf1 Qh8 26. Qh2 Rf8+ 27. Kg1 Rf4 28. c5 Bf5 29. Nxd6 cxd6 30. Nxf5+ gxf5 1-0

[Event "La Cumbre"]
[Site "La Cumbre"]
[Date "2019.09.11"]
[Round "5"]
[White "Lammers, Anton"]
[Black "Jimenez, Jose Mauricio"]
[Result "0-1"]
[WhiteElo "1904"]
[BlackElo "2251"]
[PlyCount "80"]
[EventDate "2019.09.09"]
[EventType "tourn"]
[EventRounds "9"]
[EventCountry "ARG"]
[EventCategory "1"]
[SourceTitle "EXT 2020"]
[Source "ChessBase"]
[SourceDate "2019.10.17"]
[SourceVersion "1"]
[SourceVersionDate "2019.10.17"]
[SourceQuality "1"]

1. e4 e5 2. f4 d5 3. exd5 exf4 4. Nf3 Nf6 5. c4 c6 6. d4 Bb4+ 7. Nc3 cxd5 8. Bxf4 0-0 9. Be2 dxc4 10. 0-0 Nd5 11. Bd2 Nc6 12. Bxc4 Bxc3 13. bxc3 Bf5 14. Ng5 Bg6 15. h4 Nf6 16. Bc1 h6 17. Nf3 Rc8 18. Bd3 Ne4 19. Bb2 Re8 20. a3 Qb6 21. Qc2 Ng3 22. Rf2 Be4 23. Bxe4 Rxe4 24. c4 Rce8 25. c5 Qd8 26. Rd1 Rxh4 27. Nxh4 Qxh4 28. Rf3 Re2 29. Qxe2 Nxe2+ 30. Kf1 Ng3+ 31. Kf2 Nf5+ 32. Kg1 Ncxd4 33. Bxd4 Nxd4 34. Rfd3 Ne2+ 35. Kf1 Ng3+ 36. Kg1 Ne2+ 37. Kf1 Nf4 38. Rd8+ Kh7 39. R1d2 Qh1+ 40. Kf2 Qxg2+ 0-1

[Event "La Cumbre"]
[Site "La Cumbre"]
[Date "2019.09.09"]
[Round "1"]
[White "Toniutti, Ezio"]
[Black "Jimenez, Jose Mauricio"]
[Result "1/2-1/2"]
[WhiteElo "2269"]
[BlackElo "2251"]
[PlyCount "80"]
[EventDate "2019.09.09"]
[EventType "tourn"]
[EventRounds "9"]
[EventCountry "ARG"]
[EventCategory "1"]
[SourceTitle "EXT 2020"]
[Source "ChessBase"]
[SourceDate "2019.10.17"]
[SourceVersion "1"]
[SourceVersionDate "2019.10.17"]
[SourceQuality "1"]

1. d4 Nf6 2. c4 e6 3. g3 Bb4+ 4. Bd2 Qe7 5. Nf3 b6 6. Bg2 Bb7 7. Nc3 0-0 8. 0-0 d6 9. Rc1 c5 10. Bg5 Bxc3 11. Rxc3 h6 12. Bc1 Na6 13. a3 Rfd8 14. dxc5 Nxc5 15. Be3 Rac8 16. Bxc5 dxc5 17. Qc1 Ne4 18. Rc2 Qc7 19. Qf4 Qxf4 20. gxf4 Rc7 21. Ne5 Nd2 22. Re1 f6 23. Nd3 Nb3 24. Bxb7 Rxb7 25. Rc3 Nd4 26. Kf1 Rbd7 27. b4 Nf3 28. Rec1 cxb4 29. axb4 Nxh2+ 30. Kg2 Ng4 31. c5 h5 32. c6 Rc7 33. b5 Nh6 34. Nb4 Nf7 35. Na6 Rcc8 36. Nb8 Kf8 37. Ra1 Rc7 38. Na6 Rcc8 39. Nb8 Rc7 40. Na6 Rcc8 1/2-1/2

[Event "San Salvador op"]
[Site "San Salvador"]
[Date "2019.06.23"]
[Round "6"]
[White "Werner, Bruno"]
[Black "Jimenez, Jose Mauricio"]
[Result "0-1"]
[WhiteElo "1620"]
[BlackElo "2261"]
[PlyCount "54"]
[EventDate "2019.06.21"]
[EventType "swiss"]
[EventRounds "6"]
[EventCountry "ARG"]
[SourceTitle "CBM 191 Extra"]
[Source "ChessBase"]
[SourceDate "2019.09.30"]
[SourceVersion "1"]
[SourceVersionDate "2019.09.30"]
[SourceQuality "1"]

1. c4 e5 2. g3 Bc5 3. Bg2 Ne7 4. Nc3 a6 5. Nf3 Nbc6 6. 0-0 0-0 7. a3 d6 8. e3 Ba7 9. b4 f5 10. Bb2 e4 11. Ne1 Be6 12. d3 Ne5 13. dxe4 Nxc4 14. Qc1 c6 15. exf5 Nxf5 16. Kh1 Nxb2 17. Qxb2 Bc4 18. Ne2 Qf6 19. Qxf6 Rxf6 20. Bf3 Raf8 21. Rc1 Bxe2 22. Bxe2 Nxe3 23. Rg1 Rxf2 24. Bc4+ Nxc4 25. Rxc4 Re2 26. Rg2 Rxe1+ 27. Rg1 Rxg1# 0-1

[Event "San Salvador op"]
[Site "San Salvador"]
[Date "2019.06.22"]
[Round "4"]
[White "Cuevas, Alex"]
[Black "Jimenez, Jose Mauricio"]
[Result "1-0"]
[WhiteElo "2299"]
[BlackElo "2261"]
[PlyCount "57"]
[EventDate "2019.06.21"]
[EventType "swiss"]
[EventRounds "6"]
[EventCountry "ARG"]
[SourceTitle "CBM 191 Extra"]
[Source "ChessBase"]
[SourceDate "2019.09.30"]
[SourceVersion "1"]
[SourceVersionDate "2019.09.30"]
[SourceQuality "1"]

1. d4 Nf6 2. c4 e6 3. g3 Bb4+ 4. Bd2 Qe7 5. Bg2 0-0 6. Nc3 d5 7. Nf3 c6 8. Qc2 Nbd7 9. 0-0 b6 10. a3 Bd6 11. e4 dxe4 12. Ng5 Bb7 13. Ncxe4 c5 14. dxc5 Bxc5 15. Nxf6+ Nxf6 16. Bc3 e5 17. Bxb7 Qxb7 18. Bxe5 h6 19. Bxf6 hxg5 20. Bxg5 Rfe8 21. b4 Bd4 22. Rad1 Re4 23. Qd3 Rae8 24. Bd2 Qc8 25. Rde1 Qf5 26. Kg2 Qg6 27. Rxe4 Qxe4+ 28. Qxe4 Rxe4 29. Re1 1-0

[Event "San Salvador op"]
[Site "San Salvador"]
[Date "2019.06.21"]
[Round "1"]
[White "Jimenez, Jose Mauricio"]
[Black "Larrosa, Carlos"]
[Result "1-0"]
[WhiteElo "2261"]
[BlackElo "1571"]
[PlyCount "31"]
[EventDate "2019.06.21"]
[EventType "swiss"]
[EventRounds "6"]
[EventCountry "ARG"]
[SourceTitle "CBM 191 Extra"]
[Source "ChessBase"]
[SourceDate "2019.09.30"]
[SourceVersion "1"]
[SourceVersionDate "2019.09.30"]
[SourceQuality "1"]

1. c4 Nf6 2. Nc3 d6 3. d4 e6 4. e4 Nbd7 5. Nge2 Be7 6. h3 b6 7. Be3 Bb7 8. Qc2 e5 9. Ng3 g6 10. Be2 c5 11. dxe5 dxe5 12. 0-0-0 0-0 13. Bh6 Re8 14. h4 Bf8 15. Bg5 Qe7 16. Rxd7 1-0

[Event "Medellin Flores op 24th"]
[Site "Medellin"]
[Date "2017.08.06"]
[Round "6"]
[White "Jimenez, Jose Mauricio"]
[Black "Blandon, Luis Guillermo"]
[Result "1-0"]
[WhiteElo "2302"]
[BlackElo "2270"]
[PlyCount "62"]
[EventDate "2017.08.03"]
[EventType "swiss"]
[EventRounds "9"]
[EventCountry "COL"]
[SourceTitle "CBM 179 Extra"]
[Source "ChessBase"]
[SourceDate "2017.08.23"]
[SourceVersion "1"]
[SourceVersionDate "2017.08.23"]
[SourceQuality "1"]

1. c4 e5 2. Nc3 Nf6 3. Qc2 Be7 4. Nf3 Nc6 5. e3 0-0 6. a3 d5 7. cxd5 Nxd5 8. Bb5 Nxc3 9. bxc3 Qd5 10. Bd3 g6 11. e4 Qe6 12. Be2 Rd8 13. Bb2 f5 14. 0-0 Qf7 15. d4 exd4 16. Nxd4 Nxd4 17. cxd4 fxe4 18. d5 Bf6 19. Bxf6 Qxf6 20. Qxc7 Qd6 21. Rac1 a6 22. a4 Rd7 23. Qc3 Re7 24. a5 Bf5 25. Qc5 Rd8 26. g4 Qxc5 27. Rxc5 Bd7 28. Rb1 Be8 29. Rb6 Red7 30. d6 Rxd6 31. Rxb7 Bb5 1-0

[Event "Medellin Flores op 24th"]
[Site "Medellin"]
[Date "2017.08.05"]
[Round "4"]
[White "Gomez, Jhon D"]
[Black "Jimenez, Jose Mauricio"]
[Result "0-1"]
[WhiteElo "1797"]
[BlackElo "2302"]
[PlyCount "28"]
[EventDate "2017.08.03"]
[EventType "swiss"]
[EventRounds "9"]
[EventCountry "COL"]
[SourceTitle "CBM 179 Extra"]
[Source "ChessBase"]
[SourceDate "2017.08.23"]
[SourceVersion "1"]
[SourceVersionDate "2017.08.23"]
[SourceQuality "1"]

1. e4 c5 2. Nf3 Nc6 3. Bb5 Qc7 4. 0-0 a6 5. Bxc6 dxc6 6. d3 e5 7. Nbd2 f6 8. a4 a5 9. Nc4 Be6 10. b3 Ne7 11. Bd2 b6 12. Nh4 g5 13. Nf5 Nxf5 14. exf5 Bf7 0-1

[Event "Medellin Flores op 24th"]
[Site "Medellin"]
[Date "2017.08.04"]
[Round "3"]
[White "Jimenez, Jose Mauricio"]
[Black "Corredor Castellanos, Camilo"]
[Result "1-0"]
[WhiteElo "2302"]
[BlackElo "2009"]
[PlyCount "78"]
[EventDate "2017.08.03"]
[EventType "swiss"]
[EventRounds "9"]
[EventCountry "COL"]
[SourceTitle "CBM 179 Extra"]
[Source "ChessBase"]
[SourceDate "2017.08.23"]
[SourceVersion "1"]
[SourceVersionDate "2017.08.23"]
[SourceQuality "1"]

1. c4 e5 2. Nc3 Nf6 3. g3 d5 4. cxd5 Nxd5 5. Bg2 Nb6 6. Nf3 Nc6 7. 0-0 Be7 8. b3 0-0 9. Bb2 Re8 10. Rc1 Bf8 11. d3 Nd4 12. Nd2 c6 13. Nc4 Bg4 14. f3 Bc8 15. Qd2 Bb4 16. e3 Nf5 17. Rfe1 Nxc4 18. bxc4 Be6 19. Rc2 Qb6 20. Kh1 f6 21. Bf1 Rad8 22. Qf2 Rd7 23. g4 Nh6 24. Rb1 Qd8 25. Ne4 Bf8 26. g5 fxg5 27. Bxe5 Bf5 28. Bd4 g4 29. fxg4 Bxe4+ 30. dxe4 Rxe4 31. h3 c5 32. Bc3 Rf7 33. Qe2 Qe8 34. Bd2 Kh8 35. Bg2 Re5 36. Rxb7 Rxb7 37. Bxb7 Qg6 38. e4 Ng8 39. Bc3 Re8 1-0

[Event "COL-chT"]
[Site "Ibague"]
[Date "2017.07.20"]
[Round "3.2"]
[White "Jimenez, Jose Mauricio"]
[Black "Fonseca Pinto, Carlos Arturo"]
[Result "1-0"]
[WhiteElo "2295"]
[BlackElo "2117"]
[PlyCount "59"]
[EventDate "2017.07.19"]
[EventType "team-swiss"]
[EventRounds "6"]
[EventCountry "COL"]
[SourceTitle "CBM 179 Extra"]
[Source "ChessBase"]
[SourceDate "2017.08.23"]
[SourceVersion "1"]
[SourceVersionDate "2017.08.23"]
[SourceQuality "1"]
[WhiteTeam "Caldas"]
[BlackTeam "Boyaca"]
[WhiteTeamCountry "COL"]
[BlackTeamCountry "COL"]

1. c4 Nf6 2. Nc3 b6 3. e4 d6 4. g3 Bb7 5. Bg2 e5 6. Nge2 Be7 7. 0-0 0-0 8. d3 Nbd7 9. h3 h6 10. f4 Nh7 11. Nd5 Bxd5 12. cxd5 f5 13. fxe5 fxe4 14. exd6 Bxd6 15. Rxf8+ Qxf8 16. dxe4 Bc5+ 17. Kh1 Re8 18. Bf4 Ne5 19. Nd4 Qf6 20. Ne6 Bd6 21. Qh5 Qf7 22. Qxf7+ Kxf7 23. Rf1 Nf6 24. b3 g5 25. Bd2 Kg6 26. g4 h5 27. Rf5 hxg4 28. Rxg5+ Kh7 29. Bc3 gxh3 30. Bxh3 1-0